soil chemistry

Đã lưu trong:
書目詳細資料
主要作者: Hinrich L. Bohn
格式: 圖書
語言:Undetermined
出版: New York John Wiley & Sons 2001
標簽: 添加標簽
沒有標簽, 成為第一個標記此記錄!
Thư viện lưu trữ: Trung tâm Học liệu Trường Đại học Cần Thơ
LEADER 00351nam a2200133Ia 4500
001 CTU_65579
008 210402s9999 xx 000 0 und d
020 |b 1608000 
100 |a Hinrich L. Bohn 
245 0 |a soil chemistry 
260 |a New York 
260 |b John Wiley & Sons 
260 |c 2001 
980 |a Trung tâm Học liệu Trường Đại học Cần Thơ